| 000 | 00970nam a2200253 i 4500 | ||
|---|---|---|---|
| 001 | 187654 | ||
| 003 | ES-MaACL | ||
| 005 | 20250814220558.0 | ||
| 008 | 171215s2012 sp |||| |bspa d | ||
| 020 | _a978-84-15676-03-4 | ||
| 080 | _a929 González de Velasco, Pedro | ||
| 080 | _a61 González de Velasco, Pedro | ||
| 100 | 1 |
_aGiménez Roldán, Santiago. _9161651 |
|
| 245 | 1 | 0 |
_aEl doctor Velasco _b: leyenda y realidad en el Madrid decimonónico / _cSantiago Giménez Roldán. |
| 250 | _a1ª ed. | ||
| 260 |
_aSan Lorenzo de El Escorial, Madrid : _bCreación, _c2012. |
||
| 300 |
_a346 p., [28] p. de lám. col. y n ; _c24 cm. |
||
| 504 | _aBibliografía: p. 327-344. | ||
| 600 | 1 | 7 |
_aGonzález Velasco, Pedro, _d1815-1882 _2 _9127434 |
| 852 |
_aES-MaACL _jA-14152 _9194742 _bR.151408 _cDEPO1 _dOlim: N-7152 _hDonación: Santiago Giménez Roldán |
||
| 903 |
_9161651 _aGiménez Roldán, Santiago _ednr |
||
| 942 |
_2udc _cMONOGRAFIA |
||
| 999 |
_c187654 _d187654 |
||